[Event "91 Bristol Open Congress"]
[Site "Bristol, United Kingdom"]
[Date "2025.03.30"]
[Round "5.9"]
[White "Kothari, Jai"]
[Black "Wastney, Dylan"]
[Result "1-0"]
[WhiteElo "2165"]
[BlackElo "2117"]
[PlyCount "85"]
[GameId "2170532165194032"]
[EventDate "2025.03.28"]
[SourceVersionDate "2025.04.02"]

{[%evp 0,85,11,21,17,-27,9,-6,-21,-24,1,-69,-7,-2,0,-6,-13,6,26,23,49,38,52,47,69,-24,100,96,149,49,143,125,9,143,1,64,130,38,-28,53,53,26,127,45,153,-23,125,55,149,141,218,221,245,280,308,318,316,461,541,238,496,421,467,435,560,574,555,539,541,521,580,505,585,591,602,580,597,639,460,663,672,675,724,675,729,626,745,710]} 1. e4 c5 2. Nc3 e6 3. f4 d5 4. Nf3 Nf6 5. e5 Nfd7 6. d4 Nc6 7. Ne2 cxd4 8. Nexd4 Qb6 9. c3 Bc5 10. Be2 O-O 11. O-O f6 12. Kh1 Ne7 13. Bd3 f5 14. g4 g6 15. gxf5 Nxf5 16. Bxf5 exf5 17. Qe1 Be7 18. Qg3 Nc5 19. h4 Bd7 20. h5 Be8 21. Rg1 Ne4 22. Qg2 a5 23. Be3 Qa6 24. e6 Qd3 25. Rae1 Nf6 26. Ne5 Qe4 27. Qxe4 Nxe4 28. hxg6 Bh4 29. Rc1 Ng3+ 30. Kg2 Ne4 31. Kf3 hxg6 32. Nxg6 Bxg6 33. Rxg6+ Kh7 34. Rcg1 Ng3 35. R6xg3 Bxg3 36. Rxg3 Rae8 37. Rg5 b5 38. Nxf5 Rxe6 39. Rg7+ Kh8 40. Bd4 Rxf5 41. Rf7+ Kg8 42. Rxf5 Rd6 43. Rf6 1-0

[Event "91 Bristol Open Congress"]
[Site "Bristol, United Kingdom"]
[Date "2025.03.30"]
[Round "5.10"]
[White "Liu, Jack"]
[Black "Udovenko, Daniel Alexander"]
[Result "1/2-1/2"]
[WhiteElo "2285"]
[BlackElo "2138"]
[PlyCount "124"]
[GameId "2170585033020868"]
[EventDate "2025.03.28"]
[SourceVersionDate "2025.04.02"]

1. e4 c5 2. Nf3 d6 3. d4 cxd4 4. Nxd4 Nf6 5. Nc3 a6 6. h3 e5 7. Nb3 Be6 8. f4 exf4 9. Bxf4 Nc6 10. Qe2 Be7 11. O-O-O Qc7 12. g4 h6 13. Bg2 Ne5 14. Kb1 Qc4 15. Qf2 Bd7 16. Rhe1 Rc8 17. Qg3 Qc7 18. Nd4 O-O 19. Nf5 Be6 20. Re2 b5 21. Nd5 Nxd5 22. exd5 Bxf5 23. gxf5 Kh8 24. Bxe5 dxe5 25. Qxe5 Qxe5 26. Rxe5 Bd6 27. Re4 Rfd8 28. a4 Kg8 29. Bf1 Rb8 30. Bg2 Kf8 31. Rde1 Rb7 32. R1e3 Rc7 33. Rb3 b4 34. Rd3 Rdc8 35. Rd2 Rc5 36. Bf3 Ra5 37. b3 Rac5 38. Be2 a5 39. Bc4 R5c7 40. Rde2 Rd8 41. Bb5 Re7 42. Bc6 Rc8 43. Kb2 Rxe4 44. Rxe4 Be7 45. Kc1 Rd8 46. Kd2 Rd6 47. Kd3 g6 48. fxg6 Rxg6 49. Re2 f5 50. Kc4 f4 51. Kb5 Bh4 52. Kxa5 f3 53. Re4 f2 54. Bb5 Bg3 55. Re3 Rg5 56. Rf3+ Ke7 57. Kxb4 Rxd5 58. Bc4 Bd6+ 59. Kc3 Be5+ 60. Kb4 Bd6+ 61. Kc3 Be5+ 62. Kb4 Bd6+ 1/2-1/2

[Event "91 Bristol Open Congress"]
[Site "Bristol, United Kingdom"]
[Date "2025.03.30"]
[Round "5.11"]
[White "Freeman, Richard"]
[Black "Ogunshola, Ben"]
[Result "0-1"]
[WhiteElo "1965"]
[BlackElo "2215"]
[PlyCount "98"]
[GameId "2170585277462671"]
[EventDate "2025.03.28"]
[SourceVersionDate "2025.04.02"]

1. e4 c5 2. Nc3 Nc6 3. f4 g6 4. Nf3 Bg7 5. Bc4 e6 6. f5 Nge7 7. fxe6 dxe6 8. O-O a6 9. a4 Ne5 10. Nxe5 Bxe5 11. d3 Nc6 12. Ne2 Qd6 13. Bf4 Bd7 14. Qd2 O-O 15. Kh1 Bxf4 16. Nxf4 Ne5 17. Qe1 Nxc4 18. dxc4 Bc6 19. e5 Qd4 20. c3 Qe4 21. b3 Rad8 22. Ra2 Qxe1 23. Rxe1 Rd7 24. Kg1 Rfd8 25. Ree2 Rd1+ 26. Kf2 Rb1 27. Rab2 Rdd1 28. Ke3 Rbc1 29. Red2 Re1+ 30. Re2 Rh1 31. g3 Rxc3+ 32. Nd3 Rd1 33. Red2 Rf1 34. Ke2 Rf3 35. Nxc5 Rce3+ 36. Kd1 Rf1+ 37. Kc2 Rxe5 38. Nd7 Re3 39. Nc5 Kg7 40. a5 Rf5 41. b4 Rff3 42. Rd4 e5 43. Rd3 Be4 44. Nxe4 Rxd3 45. b5 Rd4 46. Nd2 Rfd3 47. bxa6 bxa6 48. Nb1 e4 49. Nc3 Rxc4 0-1

[Event "91 Bristol Open Congress"]
[Site "Bristol, United Kingdom"]
[Date "2025.03.30"]
[Round "5.12"]
[White "Sommerbauer-Cornell, Ben"]
[Black "Garcia, Oscar"]
[Result "1-0"]
[WhiteElo "1954"]
[BlackElo "2150"]
[PlyCount "73"]
[GameId "2170683854994680"]
[EventDate "2025.03.28"]
[SourceVersionDate "2025.04.02"]

1. e4 c6 2. d4 d5 3. e5 c5 4. dxc5 e6 5. Be3 Nd7 6. Bb5 Ne7 7. Bd4 Qc7 8. b4 Nc6 9. Bxc6 bxc6 10. f4 a5 11. a3 axb4 12. axb4 Rxa1 13. Bxa1 Ba6 14. Bd4 Be7 15. Nf3 O-O 16. Kf2 f6 17. Re1 g5 18. exf6 Bxf6 19. Bxf6 Nxf6 20. Kg1 Qxf4 21. Qd2 Ne4 22. Qxf4 gxf4 23. Nbd2 Nxd2 24. Nxd2 Re8 25. Nf3 Bc8 26. Ne5 Kg7 27. Nxc6 Ba6 28. Nd4 Kf6 29. b5 Bxb5 30. Nxb5 Rc8 31. c6 Rxc6 32. Nd4 Rb6 33. Nf3 Rb4 34. Kf2 Ke7 35. Ng5 Rb6 36. Kf3 Kf6 37. Rxe6+ 1-0

[Event "91 Bristol Open Congress"]
[Site "Bristol, United Kingdom"]
[Date "2025.03.30"]
[Round "5.13"]
[White "Miller, George"]
[Black "Quaite, Toby"]
[Result "0-1"]
[WhiteElo "1951"]
[BlackElo "2120"]
[PlyCount "64"]
[GameId "2170678549696641"]
[EventDate "2025.03.28"]
[SourceVersionDate "2025.04.02"]

{[%evp 0,64,17,21,6,3,3,11,11,4,11,3,-9,-1,-17,4,28,9,0,-7,-8,3,4,-2,7,-79,-3,20,39,24,-90,-18,-72,-22,-1,-126,-16,-32,-28,-24,-95,-67,-95,1,-133,21,-86,20,-126,-135,-134,-53,-150,-180,-121,-114,-133,-146,-134,-163,-188,-243,-59,-29993,-29994,-29995,-29994]} 1. e4 Nf6 2. Nc3 e5 3. Nf3 Nc6 4. d4 exd4 5. Nxd4 Bb4 6. Nxc6 bxc6 7. Bd3 d5 8. exd5 O-O 9. O-O cxd5 10. h3 c6 11. Qf3 Bd6 12. Bf4 Rb8 13. b3 Be6 14. Bxd6 Qxd6 15. Qg3 Qxg3 16. fxg3 Nd7 17. Rae1 Nc5 18. Bf5 g6 19. Bxe6 fxe6 20. Rxf8+ Kxf8 21. Rf1+ Ke7 22. Rf4 g5 23. Rg4 Kf6 24. h4 h6 25. hxg5+ hxg5 26. a3 e5 27. Rb4 Rh8 28. Na4 Ne4 29. Rb7 Nxg3 30. Rxa7 e4 31. Rc7 e3 32. Rxc6+ Ke5 0-1

[Event "91 Bristol Open Congress"]
[Site "Bristol, United Kingdom"]
[Date "2025.03.30"]
[Round "5.14"]
[White "Pick, Freddie"]
[Black "Kendall, Arthur"]
[Result "1-0"]
[WhiteElo "2055"]
[BlackElo "1862"]
[PlyCount "85"]
[GameId "2170680404472340"]
[EventDate "2025.03.28"]
[SourceVersionDate "2025.04.02"]

1. e4 e6 2. d4 d5 3. Nd2 Nf6 4. e5 Nfd7 5. Bd3 c5 6. c3 Nc6 7. Ngf3 g6 8. h4 h6 9. a4 Bg7 10. Nf1 Qc7 11. Ne3 b6 12. Nc2 c4 13. Be2 Na5 14. Na3 a6 15. Be3 Nb3 16. Ra2 Nb8 17. Nd2 Nxd2 18. Bxd2 Nc6 19. b3 cxb3 20. Qxb3 Na5 21. Qc2 Bf8 22. O-O Bxa3 23. Rxa3 Kf8 24. h5 Kg7 25. Rb1 Rb8 26. Bc1 Nc4 27. Ra2 Bd7 28. Qd3 Rhc8 29. Qf3 Qd8 30. Qf4 g5 31. Qg3 f5 32. exf6+ Qxf6 33. f4 Kf7 34. fxg5 hxg5 35. Bxg5 Rg8 36. Rf1 Rxg5 37. Rxf6+ Kxf6 38. Qxb8 Ne3 39. Qd8+ Kf5 40. Bd3+ Kf4 41. Rf2+ Kg3 42. Qxg5+ Ng4 43. Rf3# 1-0

[Event "91 Bristol Open Congress"]
[Site "Bristol, United Kingdom"]
[Date "2025.03.30"]
[Round "5.15"]
[White "Ashworth, Robert"]
[Black "Maton, Emily"]
[Result "1-0"]
[WhiteElo "1945"]
[BlackElo "2049"]
[PlyCount "53"]
[GameId "2170682410410522"]
[EventDate "2025.03.28"]
[SourceVersionDate "2025.04.02"]

1. e4 c5 2. Nf3 Nc6 3. Bb5 Nd4 4. Nxd4 cxd4 5. c3 Qb6 6. Ba4 g6 7. cxd4 Qxd4 8. Nc3 a6 9. d3 Bg7 10. Be3 Qb4 11. Qc2 b5 12. Bb3 Bb7 13. O-O Rc8 14. Rac1 d5 15. Nxd5 Rxc2 16. Nxb4 Rxc1 17. Rxc1 a5 18. Rc7 Bxe4 19. dxe4 axb4 20. Rb7 Nf6 21. Rxb5 Nxe4 22. Bd5 Nf6 23. Bc6+ Kd8 24. Rb7 Ng4 25. Bb6+ Kc8 26. Rc7+ Kb8 27. Ra7 1-0

[Event "91 Bristol Open Congress"]
[Site "Bristol, United Kingdom"]
[Date "2025.03.30"]
[Round "5.17"]
[White "Lesniowski, Paul"]
[Black "Anjulan, Ashwin"]
[Result "1/2-1/2"]
[WhiteElo "1970"]
[BlackElo "1784"]
[PlyCount "94"]
[GameId "2170877661204101"]
[EventDate "2025.03.28"]
[SourceVersionDate "2025.04.02"]

1. e4 e6 2. d4 d5 3. Nd2 c5 4. exd5 exd5 5. Ngf3 Nf6 6. Bb5+ Bd7 7. Qe2+ Be7 8. O-O O-O 9. dxc5 Bxc5 10. Bxd7 Nbxd7 11. Nb3 Bd6 12. Bg5 Re8 13. Qd3 Ne5 14. Nxe5 Bxe5 15. f4 Bxb2 16. Rab1 Ba3 17. Nd4 Bc5 18. Kh1 Qe7 19. Nf5 Qe4 20. Bxf6 Qxd3 21. cxd3 gxf6 22. Rxb7 Bf8 23. Rb5 Re2 24. Ra5 Rb8 25. Rxa7 Rbb2 26. Ra5 Rxg2 27. Rg1 Rg6 28. Ra8 Rxg1+ 29. Kxg1 Rb4 30. d4 h5 31. Kg2 h4 32. Kh3 Rb2 33. Nxh4 Kg7 34. Nf5+ Kg6 35. Ne3 Bh6 36. Kg3 Rd2 37. f5+ Kg7 38. Nxd5 Rxd4 39. Ra5 Rd3+ 40. Kg4 Rd4+ 41. Kf3 Rd3+ 42. Ke4 Rh3 43. a4 Rxh2 44. Ra8 Re2+ 45. Kd4 Bd2 46. Ra6 Re5 47. Nxf6 Rxf5 1/2-1/2

[Event "91 Bristol Open Congress"]
[Site "Bristol, United Kingdom"]
[Date "2025.03.30"]
[Round "5.18"]
[White "Shivakumar, Akshath"]
[Black "Billings, Alex"]
[Result "0-1"]
[WhiteElo "1912"]
[BlackElo "2023"]
[PlyCount "88"]
[GameId "2170915383845504"]
[EventDate "2025.03.28"]
[SourceVersionDate "2025.04.02"]

1. d4 f5 2. Bg5 Nf6 3. Bxf6 exf6 4. e3 d5 5. Nc3 c6 6. Bd3 Be6 7. Nge2 Bd6 8. h3 Nd7 9. Qd2 Qe7 10. O-O-O O-O-O 11. Rhe1 Nb6 12. f3 Qc7 13. a3 Rhe8 14. Kb1 Kb8 15. g4 g6 16. gxf5 Bxf5 17. Bxf5 Nc4 18. Qc1 gxf5 19. Ng1 Qa5 20. Ka2 Bxa3 21. bxa3 Qxc3 22. Rd3 Qa5 23. f4 Rg8 24. Nf3 Rg2 25. Rg1 Rdg8 26. Rxg2 Rxg2 27. Nh4 Re2 28. Nf3 Qd8 29. Qd1 Rxe3 30. Rxe3 Nxe3 31. Qd3 Qe7 32. Qb3 Qe4 33. Ne1 Qxf4 34. Qb4 Qf2 35. Kb1 Qe2 36. Qf8+ Kc7 37. Qe7+ Kb6 38. Qc5+ Ka6 39. Nd3 Qd1+ 40. Kb2 Nc4+ 41. Kc3 Qa1+ 42. Kb3 Nd2+ 43. Kb4 Qb1+ 44. Kc3 Ne4# 0-1

[Event "91 Bristol Open Congress"]
[Site "Bristol, United Kingdom"]
[Date "2025.03.30"]
[Round "5.19"]
[White "Hu, Junyan"]
[Black "Fathallah, Joe"]
[Result "1/2-1/2"]
[WhiteElo "1934"]
[BlackElo "2004"]
[PlyCount "90"]
[GameId "2170917202428792"]
[EventDate "2025.03.28"]
[SourceVersionDate "2025.04.02"]

1. e4 e6 2. d4 d5 3. e5 c5 4. c3 Nc6 5. Nf3 Qb6 6. a3 c4 7. Nbd2 Na5 8. Rb1 Bd7 9. h4 Ne7 10. b3 cxb3 11. Nxb3 Ba4 12. Nxa5 Bxd1 13. Rxb6 axb6 14. Bb5+ Kd8 15. Nxb7+ Kc7 16. Kxd1 Kxb7 17. Ng5 Nc6 18. Nxf7 Rg8 19. a4 h6 20. g4 Be7 21. g5 Nd8 22. Nxd8+ Raxd8 23. g6 Rgf8 24. Be3 Kc7 25. Kc2 h5 26. Be2 Rf5 27. Bd3 Rff8 28. Be2 Rf5 29. Kb3 Rc8 30. Ba6 Ra8 31. Bb5 Rc8 32. Bd3 Rf3 33. Be2 Rf5 34. f4 Kb7 35. Bd3 Rff8 36. Bb5 Rc7 37. Bd2 Rfc8 38. Be2 Rc6 39. Bb5 R6c7 40. Rh3 Ka7 41. Rh1 Kb7 42. Rh3 Ka7 43. Be2 Rc6 44. Bb5 R6c7 45. Rh1 Kb7 1/2-1/2

[Event "91 Bristol Open Congress"]
[Site "Bristol, United Kingdom"]
[Date "2025.03.30"]
[Round "5.20"]
[White "Moyse, Nigel"]
[Black "Turner, George"]
[Result "1-0"]
[WhiteElo "1955"]
[BlackElo "1882"]
[PlyCount "84"]
[GameId "2170918663926654"]
[EventDate "2025.03.28"]
[SourceVersionDate "2025.04.02"]

1. d4 Nf6 2. Bf4 g6 3. e3 Bg7 4. Be2 O-O 5. Nf3 d6 6. Nbd2 c5 7. c3 b6 8. h4 h5 9. Bg3 Bb7 10. O-O Nbd7 11. Ng5 e5 12. dxe5 Nxe5 13. Bxe5 dxe5 14. Qc2 Qc7 15. Rad1 Rad8 16. a4 Rfe8 17. Nde4 Nxe4 18. Nxe4 Bxe4 19. Qxe4 f5 20. Qc4+ Kh7 21. e4 f4 22. Rd5 Qe7 23. Rfd1 Rxd5 24. exd5 Qxh4 25. d6 Rf8 26. Qe4 Qg5 27. d7 Bf6 28. Rd6 h4 29. Qf3 Kg7 30. Qg4 Qxg4 31. Bxg4 Kf7 32. Kf1 Bd8 33. Re6 Bf6 34. Ke2 Rb8 35. Rc6 Rd8 36. Kd3 Ke7 37. Kc4 e4 38. Re6+ Kf7 39. Rxe4 g5 40. f3 Rh8 41. Kb5 Rh6 42. Re8 Rh8 1-0

[Event "91 Bristol Open Congress"]
[Site "Bristol, United Kingdom"]
[Date "2025.03.30"]
[Round "5.21"]
[White "Smith, Ryan"]
[Black "Davis, Colin"]
[Result "1-0"]
[WhiteElo "1916"]
[BlackElo "2101"]
[PlyCount "49"]
[GameId "2171211616033065"]
[EventDate "2025.03.28"]
[SourceVersionDate "2025.04.02"]

1. e4 d6 2. d4 Nf6 3. Nc3 g6 4. f4 Bg7 5. Nf3 O-O 6. Bd3 Nc6 7. O-O e5 8. dxe5 dxe5 9. Qe1 exf4 10. Bxf4 Nb4 11. Qh4 Nxd3 12. cxd3 c6 13. Kh1 Ng4 14. Qg3 Qxd3 15. h3 Nf6 16. Qh4 Re8 17. Ne5 Qd4 18. Rad1 Qc5 19. Nxf7 Kxf7 20. e5 Rxe5 21. Bxe5 Qxe5 22. Rde1 g5 23. Qh5+ Ke6 24. Rxe5+ Kxe5 25. Qxg5+ 1-0

[Event "91 Bristol Open Congress"]
[Site "Bristol, United Kingdom"]
[Date "2025.03.30"]
[Round "5.22"]
[White "Norris, Zack"]
[Black "Guilfoyle, John"]
[Result "0-1"]
[WhiteElo "2086"]
[BlackElo "1922"]
[PlyCount "124"]
[GameId "2171329224482860"]
[EventDate "2025.03.28"]
[SourceVersionDate "2025.04.02"]

1. c4 c5 2. Nc3 b6 3. Nf3 Bb7 4. g3 d6 5. Bg2 e6 6. O-O Be7 7. d4 cxd4 8. Qxd4 Nf6 9. e4 a6 10. h3 Qc7 11. b3 O-O 12. Bb2 Rd8 13. Rad1 Ne8 14. Rfe1 Bf6 15. Qe3 Nd7 16. Nd4 Rac8 17. f4 Bxd4 18. Qxd4 e5 19. Qf2 Nef6 20. f5 Bc6 21. Nd5 Bxd5 22. cxd5 Nc5 23. g4 Ne8 24. Bc1 f6 25. h4 Qe7 26. Be3 Qb7 27. g5 Rc7 28. Qg3 Kh8 29. Kh2 b5 30. Bf3 Rdc8 31. h5 fxg5 32. Bxg5 h6 33. Be3 Nf6 34. Bd2 Rf7 35. Re2 b4 36. Rg1 a5 37. Qg6 Qe7 38. Qg2 Nh7 39. Qh3 Nf6 40. Bh1 Qb7 41. Rg6 Qe7 42. Qh4 Ncd7 43. Bf3 Rc2 44. Be3 Rxe2+ 45. Bxe2 Kh7 46. Bc4 Rf8 47. Bf2 Rf7 48. Rg1 Rf8 49. Rc1 Rc8 50. Rg1 Qf7 51. Rg6 Nc5 52. Bxc5 Rxc5 53. Kg2 a4 54. Kf3 axb3 55. axb3 Ra5 56. Ke3 Qa7+ 57. Kf3 Ra2 58. Be2 Rb2 59. Bc4 Qd4 60. Qe1 Nxe4 61. Rg2 Ng5+ 62. Rxg5 Qf4# 0-1

[Event "91 Bristol Open Congress"]
[Site "Bristol, United Kingdom"]
[Date "2025.03.30"]
[Round "5.23"]
[White "Perrin, Brent"]
[Black "Moore, Gerald"]
[Result "1/2-1/2"]
[WhiteElo "1918"]
[BlackElo "2063"]
[PlyCount "72"]
[GameId "2171331235991602"]
[EventDate "2025.03.28"]
[SourceVersionDate "2025.04.02"]

1. e4 c5 2. Nf3 Nc6 3. c3 d5 4. exd5 Qxd5 5. d4 g6 6. Be2 Bg7 7. dxc5 Qxc5 8. Be3 Qa5 9. O-O Nh6 10. Nd4 Nxd4 11. Bxd4 O-O 12. Bxg7 Kxg7 13. Bf3 Nf5 14. Nd2 Be6 15. Nb3 Qb6 16. Qc2 Rad8 17. Rad1 a5 18. g3 a4 19. Nc1 Qb5 20. Rd2 Nd6 21. b3 axb3 22. axb3 Bf5 23. Qb2 Qe5 24. Nd3 Qf6 25. Nc5 Bh3 26. Bg2 Bxg2 27. Kxg2 b6 28. Na4 Ne4 29. Re2 Rd3 30. c4 Qxb2 31. Rxb2 Nd2 32. Rd1 Rfd8 33. Nxb6 Nxb3 34. Rxd3 Rxd3 35. Nd5 Na5 36. Rc2 Nxc4 1/2-1/2

[Event "91 Bristol Open Congress"]
[Site "Bristol, United Kingdom"]
[Date "2025.03.30"]
[Round "5.24"]
[White "Northam, Lawrence"]
[Black "Baer, Bruce"]
[Result "0-1"]
[WhiteElo "1846"]
[BlackElo "2037"]
[PlyCount "56"]
[GameId "2171209710370844"]
[EventDate "2025.03.28"]
[SourceVersionDate "2025.04.02"]

1. d4 g6 2. c4 d6 3. Nc3 Bg7 4. e4 e5 5. d5 f5 6. Bd3 Nf6 7. Qc2 f4 8. g3 g5 9. h4 h6 10. Bd2 a5 11. O-O-O Na6 12. a3 Bd7 13. hxg5 hxg5 14. Nf3 Ng4 15. Rxh8+ Bxh8 16. Rh1 Kf7 17. gxf4 gxf4 18. Bxf4 exf4 19. e5 Nxe5 20. Nxe5+ Bxe5 21. Bg6+ Kf8 22. Rh7 Bg7 23. Qe2 Nc5 24. Qh5 Qf6 25. Ne4 Qxb2+ 26. Kd1 Ba4+ 27. Ke1 Qc1+ 28. Ke2 Qd1# 0-1